1493 1184 1724 1428 1024 1169 1670 1082 1633 1834 1897 1247 1263 1004 1630 1094 1937 1043 1076 1568 1810 1956 1961 1378 1394 1807 1242 1903 1469 1977 1191 1222 1350 1789 1738 1528 1093 1028 1522 1647 1618 1206 1507 1366 1017 1076 1413 1335 1565 1189 1480 1852 1201 1627 1285 1639 1727 1763 1955 1210 1472 1179 1585 1648 1639 1454 1554 1693 1184 1478 1594 1372 1963 1554 1264 1889 1050 1621 1583 1786 1104 1341 1545 1413 1354 1197 1008 1268 1704 1888 1587 1705 1844 1273 1593 1649 1299 1356 1024 BCNSPRNW ULIB Ver.6.0+V

เปลี่ยนเป็นภาษาไทย

Change to English
 แสดงรายละเอียดบรรณานุกรม
  กลับหน้าหลัก

Brief Record : Get Marc (ISO 2709) : E-mail record : QR code < ปิดหน้าต่าง
LEADER : 00000nam 2200000uu 4500
001    13399113050
003     ULIB
008    110922s2548||||th 000 0 tha d
020    9749023102
050  4 PE1128^bว615 2546
100 0  Thornbury, Scott
245 10 วิธีสอนศัพท์ =^bHow to teach vocabulary /^cThornbury, Scott
246 31 How to teach vocabulary
250    พิมพ์ครั้งที่ 1
260    กรุงเทพฯ :^bPearson Education incochina,^c2548
300    237 หน้า
650  7 ภาษาอังกฤษ^xการศึกษาและการสอน
650  7 ภาษาอังกฤษ^xคำศัพท์
945    ^p430^l0^i021436
945    ^p430^l0^i021437
995    ทศพร
999 ^a ทศพร
รายการนี้ยังไม่มีแท็ก
คุณยังไม่ได้ล็อกอิน คุณสามารถมีกิจกรรมร่วมกับเว็บไซต์ได้ แต่ต้องล็อกอินก่อน ::
  ล็อกอิน

รายการสื่อสารสนเทศ

ลำดับที่ ประเภท เลขเรียก/บาร์โค้ด สถานที่ สถานะ
- ไม่พบข้อมูล -

รายการใกล้เคียง
    ผู้แต่ง [Thornbury, Scott]

    หัวเรื่อง [ภาษาอังกฤษ การศึกษาและการสอน]
    หัวเรื่อง [ภาษาอังกฤษ คำศัพท์]

BibComment


ยังไม่เคยถูกคอมเมนท์

คอมเมนท์ทรัพยากรรายการนี้
  คอมเมนท์: วิธีสอนศัพท์ How..


 Copyright 2026. Bcnsprnw @Library